00790nam a2200181 a 4500008004100000020000800041041000800049100003700057245009600094250001100190260004400201300001000245500013600255653004400391653006400435653004400499653006500543110829s1969 ag # f |||| 001 0 spa d aS/N aspa1 aTanus de Pepe, María Isabel E. aAdministración hospitalaria.bPresupuesto por programa /cMaría Isabel E. Tanus de Pepe a1a ed. aBuenos Aires:bEdiciones Macchi;c1969. a88 p. aTanus de Pepe, M. I. E. (1969). Administración hospitalaria. Presupuesto por programa. (1a ed.). Buenos Aires : Ediciones Macchi. aPresupuesto por programas y actividades aPresupuesto por programa en un establecimiento hospitalario aHospital-Escuela José de San Martín aAnexo: Modelo de presentación de presupuesto por programas